[Event "CAN-ch"]
[Site "?"]
[Date "1985.??.??"]
[Round "8"]
[White "Ivanov, Igor V"]
[Black "Hebert, Jean"]
[Result "1-0"]
[WhiteElo "2465"]
[BlackElo "2395"]

1.d4 Nf6 2.c4 e6 3.Nf3 b6 4.g3 Bb4+ 5.Bd2 Bxd2+ 6.Qxd2 Ba6 7.Qc2 c5 8.e4 cxd4
9.Nxd4 Nc6 10.Nxc6 dxc6 11.e5 Nd7 12.f4 O-O 13.Nc3 f6 14.O-O-O Qe7 15.Ne4 fxe5
16.Ng5 g6 17.Bh3 Nc5 18.Rhe1 Rad8 19.Rxe5 Rxd1+ 20.Kxd1 Rd8+ 21.Ke2 Bc8 22.Re3 a5
23.b3 Qf6 24.Nf3 Qa1 25.Kf2 Rd1 26.Kg2 Bd7 27.Bg4 Kg7 28.Ne5 Rg1+ 29.Kh3 Qf1+
30.Kh4 Rg2 31.Re2 Rxe2 32.Qxe2 Qxe2 33.Bxe2 Kf6 34.g4 g5+ 35.Kg3 h6 36.Bf3 Be8
37.h4 b5 38.Nxc6 bxc4 39.bxc4 a4 40.a3 gxh4+ 41.Kxh4 Nd7 42.g5+ hxg5+ 43.fxg5+ Kf5
44.Ne7+ Ke5 45.Bh5 Bxh5 46.Kxh5 Kd6  1-0

[Event "CAN-ch"]
[Site "?"]
[Date "1985.??.??"]
[Round "9"]
[White "Pineault, Denis"]
[Black "Ivanov, Igor V"]
[Result "0-1"]
[WhiteElo "2240"]
[BlackElo "2465"]

1.e4 c5 2.Nf3 d6 3.d4 cxd4 4.Nxd4 Nf6 5.Nc3 Nc6 6.Be2 e5 7.Nb3 Be7 8.O-O O-O
9.Kh1 a5 10.a4 Nb4 11.f4 Qc7 12.Be3 Bd7 13.Rc1 Rfd8 14.Nd2 d5 15.fxe5 Qxe5
16.Bf4 Qe6 17.e5 Ne4 18.Ncxe4 dxe4 19.Bc4 Qg6 20.Qe2 Bc6 21.Be3 Bd5 22.Rf4 Rac8
23.b3 Bxc4 24.Nxc4 Nd5 25.Rg4 Nc3  0-1

[Event "Midwest Masters"]
[Site "Chicago"]
[Date "1985.??.??"]
[Round "1"]
[White "Mills, James A"]
[Black "Ivanov, Igor V"]
[Result "0-1"]
[WhiteElo "2220"]
[BlackElo "2465"]

1.Nc3 c5 2.e4 Nc6 3.Nf3 g6 4.d4 cxd4 5.Nxd4 Bg7 6.Be3 Nf6 7.Be2 O-O 8.O-O d5
9.exd5 Nxd5 10.Nxd5 Nxd4 11.Bxd4 Qxd5 12.Bxg7 Qxd1 13.Rfxd1 Kxg7 14.Rd2 Be6
15.Rad1 Rfc8 16.Bf3 Rab8 17.c3 b5 18.Bd5 Bf5 19.h3 h5 20.f3 h4 21.Rd4 e5
22.R4d2 a5 23.Re2 Kf6 24.Rde1 Rc5 25.Be4 Be6 26.Rd2 b4 27.c4 Rxc4 28.Bd5 Rd4
29.Rxd4 exd4 30.Bxe6 fxe6 31.Re4 e5 32.f4 Kf5 33.Rxe5+ Kxf4 34.Re6 Rc8 35.Kf1 Rc2
36.Rxg6 Rxb2 37.Rf6+ Ke5 38.Rh6 Rxa2 39.Rxh4 b3 40.Rh5+ Ke4  0-1

[Event "Midwest Masters"]
[Site "Chicago"]
[Date "1985.??.??"]
[Round "2"]
[White "Ivanov, Igor V"]
[Black "Horvitz, R."]
[Result "1-0"]
[WhiteElo "2465"]
[BlackElo "2200"]

1.d4 Nf6 2.c4 e6 3.Nc3 d5 4.Bg5 Be7 5.e3 O-O 6.Nf3 h6 7.Bh4 b6 8.Be2 Bb7
9.Bxf6 Bxf6 10.cxd5 exd5 11.b4 c6 12.O-O a5 13.b5 c5 14.Rc1 Qd6 15.dxc5 bxc5
16.Ne4 Qb6 17.Nxc5 Rd8 18.Nd4 Bc8 19.Na4 Qd6 20.Bf3 Be6 21.Nxe6 fxe6 22.Nc5 Ra7
23.Bg4 Re7 24.Qa4 Qb6 25.Rfd1 Kh8 26.Nb3 Ra7 27.Nd4 e5 28.Nc6 Re8 29.Rxd5  1-0

[Event "Midwest Masters"]
[Site "Chicago"]
[Date "1985.??.??"]
[Round "4"]
[White "Buzbuchi, Ionut"]
[Black "Ivanov, Igor V"]
[Result "0-1"]
[WhiteElo "2340"]
[BlackElo "2465"]

1.e4 c5 2.Nf3 d6 3.d4 cxd4 4.Nxd4 Nf6 5.Nc3 Nc6 6.Bg5 e6 7.Qd2 a6 8.O-O-O h6
9.Be3 Nxd4 10.Bxd4 b5 11.f3 Be7 12.Bd3 e5 13.Be3 Be6 14.Kb1 Rb8 15.Be2 b4
16.Nd5 Bxd5 17.exd5 a5 18.Rhe1 O-O 19.h4 Nd7 20.Rh1 f5 21.g4 f4 22.Bf2 e4
23.fxe4 f3 24.Bd3 Ne5 25.Rdg1 Qe8 26.Bd4 Bd8 27.Qe3 b3 28.cxb3 a4 29.Bc2 axb3
30.Bxb3 f2 31.Rf1 Nxg4 32.Qe2 Rf4 33.Bc2 Bf6 34.Bxf6 gxf6 35.Rh3 Qe5 36.Bd3 Rb4
37.Qc2 h5 38.a3 Rb8 39.Rg3 Kf8 40.Rh3 f5 41.exf5 Ne3 42.Rxe3 Qxe3 43.Qc3 Rd4
44.Kc2 Rxd3 45.Qf6+ Ke8 46.Qg6+ Kd7 47.Qe6+ Kc7  0-1

[Event "New York op"]
[Site "New York"]
[Date "1985.??.??"]
[Round "2"]
[White "Ivanov, Igor V"]
[Black "London, Dimitri"]
[Result "1/2-1/2"]
[WhiteElo "2465"]
[BlackElo "2375"]

1.c4 Nf6 2.Nf3 g6 3.Nc3 d5 4.d4 Bg7 5.Bg5 Ne4 6.cxd5 Nxg5 7.Nxg5 e6 8.Nf3 exd5
9.e3 O-O 10.b4 Be6 11.Bd3 Nd7 12.O-O f5 13.Rc1 Kh8 14.Na4 f4 15.e4 dxe4 16.Bxe4 Rb8
17.Re1 Bg8 18.Nc5 Nxc5 19.Rxc5 Re8 20.h4 Bf6 21.Qc1 Re7 22.Qxf4 Qd6 23.Ne5 Rf8
24.Qh6 Bg7 25.Qe3 b6 26.Rc6 Qxb4 27.h5 gxh5 28.a3 Qa5 29.Bf3 Rfe8 30.Rec1 Bxe5
31.dxe5 Qxe5  1/2-1/2

[Event "New York op"]
[Site "New York"]
[Date "1985.??.??"]
[Round "4"]
[White "Ivanov, Igor V"]
[Black "Wolff, Patrick G"]
[Result "1-0"]
[WhiteElo "2465"]
[BlackElo "2305"]

1.d4 Nf6 2.c4 c5 3.d5 b5 4.cxb5 a6 5.e3 Bb7 6.Nc3 Qa5 7.Bd2 axb5 8.Bxb5 Qb6
9.Qb3 e6 10.e4 Nxe4 11.Nxe4 Bxd5 12.Qd3 f5 13.Ng3 Bxg2 14.a4 Be7 15.Nf3 Bxh1
16.Nxh1 O-O 17.Ng3 d5 18.Kf1 Qd6 19.Re1 Na6 20.Ne2 Bf6 21.Bf4 e5 22.Bxa6 exf4
23.Bc4 Rxa4 24.b3 Rb4 25.Bxd5+ Kh8 26.Rd1 Qd7 27.Bc4 Qxd3 28.Rxd3 g5 29.Rd5 g4
30.Ne1 f3 31.Ng3 Bc3 32.Nxf5 Ra8 33.Rd3 Be5 34.Nh6 Bxh2 35.Nxg4 Bf4 36.Rd7 Rb6
37.Rf7 Bg5 38.Nxf3  1-0

[Event "New York op"]
[Site "New York"]
[Date "1985.??.??"]
[Round "5"]
[White "Winslow, Elliott C"]
[Black "Ivanov, Igor V"]
[Result "0-1"]
[WhiteElo "2365"]
[BlackElo "2465"]

1.e4 c5 2.Nf3 d6 3.d4 cxd4 4.Nxd4 Nf6 5.Nc3 Nc6 6.Bg5 e6 7.Qd2 a6 8.O-O-O h6
9.Be3 Be7 10.f3 Nxd4 11.Bxd4 b5 12.h4 e5 13.Be3 Be6 14.g4 Rb8 15.Kb1 b4 16.Nd5 Bxd5
17.exd5 a5 18.Bc4 Qc7 19.b3 a4 20.Rdg1 h5 21.g5 Nd7 22.g6 f5 23.Bg5 Nc5 24.Qe2 Qa5
25.Bxe7 Kxe7 26.Rg5 Rbf8 27.Bd3 Rf6 28.Rxf5 Rxf5 29.Bxf5 Rf8 30.Bd3 Rf4 31.Bb5 a3
32.Bc6 Kf8 33.Qe3 Qd8 34.c3 Qf6  0-1

[Event "World op"]
[Site "Philadelphia"]
[Date "1985.??.??"]
[Round "?"]
[White "Benjamin, Joel"]
[Black "Ivanov, Igor V"]
[Result "1-0"]
[WhiteElo "2540"]
[BlackElo "2465"]

1.e4 c5 2.Nf3 d6 3.d4 cxd4 4.Nxd4 Nf6 5.Nc3 Nc6 6.Bg5 e6 7.Qd2 a6 8.O-O-O h6
9.Bf4 Bd7 10.Nxc6 Bxc6 11.Qe1 Qa5 12.f3 Rd8 13.Bc4 Be7 14.Bb3 b5 15.Bd2 Qb6
16.Ne2 Rc8 17.Qg3 a5 18.a3 Qc7 19.Nd4 Bd7 20.Kb1 a4 21.Ba2 e5 22.Nf5 Bxf5
23.exf5 Qxc2+ 24.Ka1 Qxf5 25.Qxg7 Rh7 26.Bxf7+ Kd8 27.Bg6 Rxg7 28.Ba5+  1-0

[Event "Canada zt"]
[Site "Canada"]
[Date "1986.??.??"]
[Round "?"]
[White "Hawkes, Rob"]
[Black "Ivanov, Igor V"]
[Result "0-1"]
[WhiteElo "2315"]
[BlackElo "2495"]

1.e4 e5 2.f4 exf4 3.Nf3 d6 4.d4 g5 5.h4 g4 6.Ng1 Bh6 7.Nc3 c6 8.Nge2 Qf6
9.Qd3 Na6 10.e5 dxe5 11.Ne4 Qd8 12.Bd2 f5 13.Ng5 Bg7 14.Qb3 Qe7 15.O-O-O h6
16.Nxf4 exf4 17.Re1 hxg5 18.Bxa6 bxa6 19.Bb4 Rb8 20.Qc4 Rxb4 21.Rxe7+ Nxe7
22.Qxb4 gxh4 23.Re1 Bf6 24.Qd6 Kf7 25.Qxf4 Be6 26.Kd1 Rd8 27.c3 Nd5 28.Qf2 c5
29.Qe2 Rd6 30.Qd2 f4 31.Qd3 Kg7 32.Kc1 cxd4 33.Rxe6 Rxe6 34.Qf5 Re1+ 35.Kd2 Re5
36.Qxg4+ Rg5 37.Qd7+ Ne7 38.Qb7 Rb5 39.Qf3 Rxb2+ 40.Kd3 dxc3 41.a4 Rd2+ 42.Ke4 Rd4+  0-1

[Event "Canada zt"]
[Site "Canada"]
[Date "1986.??.??"]
[Round "?"]
[White "Ivanov, Igor V"]
[Black "Hartman, Brian"]
[Result "1-0"]
[WhiteElo "2495"]
[BlackElo "2380"]

1.d4 d5 2.c4 e6 3.Nf3 c5 4.cxd5 exd5 5.g3 Nc6 6.Bg2 Nf6 7.O-O Be7 8.Be3 O-O
9.dxc5 Ng4 10.Bd4 Nxd4 11.Nxd4 Bxc5 12.Nc3 Qf6 13.e3 Qh6 14.Nf3 Be6 15.h3 Nf6
16.Rc1 Rad8 17.Ne2 Ne4 18.h4 Bb6 19.Nf4 Bg4 20.Qd3 Rfe8 21.Nd4 Nc5 22.Qa3 Ne6
23.Ndxe6 fxe6 24.Qb4 d4 25.exd4 Bxd4 26.Rc7 e5 27.Nd5 Rf8 28.Nc3 Rxf2 29.Bd5+ Rxd5
30.Nxd5 Qa6 31.Rxf2 Bxf2+ 32.Kg2 Qe2 33.Ne7+ Kh8 34.Ng6+  1-0

[Event "Canada zt"]
[Site "Canada"]
[Date "1986.??.??"]
[Round "?"]
[White "Ivanov, Igor V"]
[Black "Pajak, John T"]
[Result "1/2-1/2"]
[WhiteElo "2495"]
[BlackElo "2310"]

1.d4 d5 2.c4 dxc4 3.Nf3 Nf6 4.Nc3 c5 5.e4 cxd4 6.Qxd4 Qxd4 7.Nxd4 e5 8.Ndb5 Kd8
9.Be3 Be6 10.Bxa7 Nbd7 11.Rd1 Bb4 12.f3 Ke7 13.a3 Bxc3+ 14.bxc3 b6 15.Be2 Rhc8
16.a4 Ne8 17.Kf2 Nc7 18.Rxd7+ Kxd7 19.Rd1+ Ke7 20.Bxb6 Nxb5 21.axb5 Rab8
22.Ba5 Rxb5 23.Bb4+ Ke8 24.Rd6 Rd8 25.Rc6 Kd7 26.Rd6+ Kc7 27.Rxe6 fxe6 28.Bxc4 Rd2+
29.Kg3 Rb8 30.Bxe6 Ra8 31.h4 h5 32.Bf7 Ra1 33.Bc5 Re1 34.Bxh5 Ree2 35.Kg4 Rxg2+
36.Kf5 Rd3 37.Bg4 Rxc3 38.Bf8 g6+ 39.Kxe5 Kd8 40.Kf6 Rxg4 41.fxg4 Rf3+ 42.Kxg6 Rxf8
43.g5 Ke7 44.h5 Rg8+ 45.Kf5 Rf8+ 46.Kg6  1/2-1/2

[Event "Canada zt"]
[Site "Canada"]
[Date "1986.??.??"]
[Round "?"]
[White "Ivanov, Igor V"]
[Black "Ross, David"]
[Result "1-0"]
[WhiteElo "2495"]
[BlackElo "2285"]

1.e4 c5 2.Nf3 d6 3.d4 cxd4 4.Nxd4 Nf6 5.Nc3 a6 6.a4 e5 7.Nf3 Qc7 8.Bg5 Nbd7
9.Nd2 b6 10.Bc4 Bb7 11.O-O Be7 12.Qe2 h6 13.Bxf6 Nxf6 14.Rfd1 O-O 15.Nf1 Kh8
16.Rd2 Ra7 17.Rad1 Qc6 18.Ng3 g6 19.b3 Qc5 20.Rd3 Kg7 21.Rf3 Qc8 22.h3 Bc6
23.Qe3 Qb8 24.b4 Qc7 25.Bb3 a5 26.b5 Ba8 27.Rd3 Qc5 28.Qd2 Qb4 29.h4 Nxe4
30.Ncxe4 Bxe4 31.Qxb4 axb4 32.Nxe4 f5 33.Nxd6 e4 34.Nxe4 fxe4 35.Rxf8 Bxf8
36.Re3 Bc5 37.Rxe4 Re7 38.Rxe7+ Bxe7 39.g3 Kf6 40.Kg2 Ke5 41.f4+ Ke4  1-0

[Event "Canada zt"]
[Site "Canada"]
[Date "1986.??.??"]
[Round "?"]
[White "Ivanov, Igor V"]
[Black "Schleifer, Michael"]
[Result "1-0"]
[WhiteElo "2495"]
[BlackElo "2210"]

1.d4 Nf6 2.c4 e6 3.Nc3 d5 4.Bg5 Nbd7 5.e3 Be7 6.Nf3 O-O 7.Bd3 b6 8.cxd5 exd5
9.Qb3 Bb7 10.Rd1 c6 11.O-O Ne4 12.Bf4 Nxc3 13.bxc3 Nf6 14.c4 Nh5 15.Be5 Nf6
16.cxd5 cxd5 17.Rc1 Bd6 18.Rc2 Ng4 19.Bxd6 Qxd6 20.Rfc1 Rae8 21.Qa4 a6 22.Rc7 Re7
23.Qc2 g6 24.h3 Nf6 25.Rxe7 Qxe7 26.Qc7 Qa3 27.Ne5 Ne8 28.Qc3 Qd6 29.a4 f6
30.Ng4 Kg7 31.Rb1 Nc7 32.Qb2 Na8 33.h4 Rc8 34.h5 Qc6 35.Qe2 Nc7 36.Qf3 f5
37.Ne5 Qe6 38.hxg6 hxg6 39.Nxg6 Kxg6 40.Qg4+ Kf6 41.Qh4+ Kg7 42.Qg5+ Kf8
43.Bxf5 Qd6 44.Qh4 Re8 45.Qh8+ Kf7 46.Qh7+ Kf8 47.Bg6 Qh2+  1-0

[Event "Canada zt"]
[Site "Canada"]
[Date "1986.??.??"]
[Round "?"]
[White "Ivanov, Igor V"]
[Black "Yanofsky, Daniel Abraham"]
[Result "1-0"]
[WhiteElo "2495"]
[BlackElo "2390"]

1.c4 c5 2.Nf3 Nf6 3.Nc3 d5 4.cxd5 Nxd5 5.g3 Nc6 6.Bg2 Nc7 7.O-O e6 8.d3 Be7
9.Be3 O-O 10.Rc1 Rb8 11.d4 Na6 12.a3 cxd4 13.Nxd4 Nxd4 14.Bxd4 Ra8 15.Qd3 Nc5
16.Qc4 Nb3 17.Qxb3 Qxd4 18.Rfd1 Qe5 19.Ne4 a5 20.Qb6 f5 21.f4 Qb8 22.Nc5 Re8
23.Qb5 Kf7 24.Nd3 Ra6 25.Ne5+ Kf8 26.Kf1 Rd6 27.Qxa5 Red8 28.Rxd6 Qxd6 29.Bf3 Qd4
30.Rc3 Qd2 31.Qa8  1-0

[Event "Canada zt"]
[Site "Canada"]
[Date "1986.??.??"]
[Round "?"]
[White "Spraggett, Kevin"]
[Black "Ivanov, Igor V"]
[Result "0-1"]
[WhiteElo "2525"]
[BlackElo "2495"]

1.d4 Nf6 2.c4 e6 3.Nf3 b6 4.Nc3 Bb4 5.Bg5 Bb7 6.e3 h6 7.Bh4 Bxc3+ 8.bxc3 d6
9.Nd2 g5 10.Bg3 Nbd7 11.f3 Nh5 12.Bf2 Qe7 13.Be2 f5 14.Qc2 O-O-O 15.Rb1 Rhg8
16.Qa4 Kb8 17.c5 dxc5 18.Ba6 Ba8 19.Rb3 e5 20.Ra3 cxd4 21.cxd4 exd4 22.Bc4 a5
23.Bxg8 Rxg8 24.O-O g4 25.Qb3 Qg5 26.Rxa5 gxf3 27.Rxa8+ Kxa8 28.g3 Nhf6 29.Nxf3 Qh5
30.exd4 f4 31.Rc1 Kb8 32.a4 Re8 33.Kg2 Nd5 34.Re1 Rxe1 35.Bxe1 Ne3+ 36.Kf2 Nf6
37.gxf4 Nfg4+ 38.Ke2 Qh3 39.Ne5 Qxh2+ 40.Kd3 Qxf4 41.Qg8+ Ka7 42.Qh7 Nd5
43.Qe4  0-1

[Event "Canada zt"]
[Site "Canada"]
[Date "1986.??.??"]
[Round "?"]
[White "Stone, Raymond"]
[Black "Ivanov, Igor V"]
[Result "1/2-1/2"]
[WhiteElo "2305"]
[BlackElo "2495"]

1.c4 Nf6 2.Nc3 g6 3.e4 d6 4.d4 Bg7 5.Nf3 O-O 6.Be2 Bg4 7.Be3 Nc6 8.O-O Nd7
9.Ne1 Bxe2 10.Nxe2 Na5 11.Rc1 c5 12.Nd3 cxd4 13.Bxd4 Nf6 14.f3 Nc6 15.Be3 e6
16.Nd4 Re8 17.Re1 Rc8 18.Nxc6 Rxc6 19.b3 Qa5 20.Kh1 Rec8 21.a4 Nd7 22.Qd2 Qxd2
23.Bxd2 Nc5 24.Nxc5 dxc5 25.e5 Rd8 26.Bc3 Rc7 27.Kg1 Bh6 28.Rc2 Rd3 29.Kf2 Rcd7
30.g3 Kg7 31.h4 Bd2 32.Bxd2 Rxd2+ 33.Rxd2 Rxd2+ 34.Re2 Rd1 35.Re1 Rxe1 36.Kxe1 Kh6
37.g4 g5 38.h5 b6 39.Kd2 Kg7 40.Kd3 f6 41.Ke4 h6 42.a5  1/2-1/2

[Event "Midwest Masters op"]
[Site "Chicago"]
[Date "1986.??.??"]
[Round "2"]
[White "Kaushansky, Leonid"]
[Black "Ivanov, Igor V"]
[Result "1/2-1/2"]
[WhiteElo "2345"]
[BlackElo "2485"]

1.e4 c5 2.Nf3 d6 3.d4 cxd4 4.Nxd4 Nf6 5.Nc3 Nc6 6.g3 e5 7.Nde2 Be7 8.Bg2 O-O
9.h3 a6 10.a4 Be6 11.O-O Rc8 12.Nd5 Na5 13.Bd2 Nxd5 14.exd5 Bf5 15.Bc3 Bf6
16.g4 Bg6 17.Ng3 Nc4 18.Be4 Bg5 19.Qd3 Bf4 20.Nf5 Bxf5 21.Bxf5 Qh4 22.Rfe1 Rc5
23.b3 Nb6 24.Bb4 Rxd5 25.Qf3 Bd2 26.Bxd2 Rxd2 27.Rad1 Rxd1 28.Rxd1 Qe7 29.Be4 Rb8
30.Qd3 d5 31.Bxd5 Nxd5 32.Qxd5 h5 33.Qd6 Re8 34.Qxe7 Rxe7 35.Kg2 hxg4 36.hxg4 Kh7
37.Rd6 f6 38.c4 Kg6 39.Kg3 Rc7 40.f4 b5 41.axb5 axb5 42.fxe5  1/2-1/2

[Event "Midwest Masters op"]
[Site "Chicago"]
[Date "1986.??.??"]
[Round "3"]
[White "Miller, Todd Q"]
[Black "Ivanov, Igor V"]
[Result "0-1"]
[WhiteElo "2260"]
[BlackElo "2485"]

1.c4 Nf6 2.Nf3 g6 3.Nc3 Bg7 4.g3 O-O 5.Bg2 Nc6 6.O-O d5 7.cxd5 Nxd5 8.Nxd5 Qxd5
9.d3 a5 10.Be3 Qb5 11.a4 Qxb2 12.Rb1 Qa2 13.Nd2 Nb4 14.Bc5 Bd7 15.Bxe7 Rfe8
16.Bxb7 Rab8 17.Bxb4 axb4 18.Ba6 Bxa4 19.Qc1 Rxe2 20.Qxc7 Be5 21.Qa5 Qxd2
22.d4 Rxf2 23.Rxf2 Bxd4 24.Rf1 Bxf2+ 25.Rxf2 Qd1+ 26.Bf1 Be8 27.Qe5 Rd8 28.h3 Bd7
29.Kh2 Be6 30.Qb2 b3 31.Bg2 Qd4 32.Qb1 Qxf2  0-1

[Event "Midwest Masters op"]
[Site "Chicago"]
[Date "1986.??.??"]
[Round "5"]
[White "Kudrin, Sergey"]
[Black "Ivanov, Igor V"]
[Result "1-0"]
[WhiteElo "2460"]
[BlackElo "2485"]

1.e4 c5 2.Nf3 e6 3.d4 cxd4 4.Nxd4 Nf6 5.Nc3 d6 6.Be2 Be7 7.O-O O-O 8.f4 Nc6
9.Kh1 Bd7 10.Nb3 Rc8 11.Bf3 a6 12.a4 b6 13.g4 Be8 14.g5 Nd7 15.Qe2 Nc5 16.Be3 Nxb3
17.cxb3 b5 18.axb5 axb5 19.Qg2 b4 20.Na4 Bd7 21.f5 Re8 22.Bb6 Rc7 23.f6 Bf8
24.Rac1 Qb8 25.e5 d5 26.Bh5 g6 27.Bxg6 hxg6 28.Qh3 Rcc8 29.Bc5 Qxe5 30.Bxf8 Nd4
31.Rce1 Ne2 32.Bg7 Qe4+ 33.Rf3 Qxf3+ 34.Qxf3 e5 35.Qxe2 Bf5 36.Qf2 Bg4 37.Nb6 Rcd8
38.Qg3 Bh5 39.Rxe5 d4 40.Rxe8+ Rxe8  1-0

[Event "New York op"]
[Site "New York"]
[Date "1986.??.??"]
[Round "?"]
[White "Ivanov, Igor V"]
[Black "Gulko, Boris F"]
[Result "1/2-1/2"]
[WhiteElo "2485"]
[BlackElo "2505"]

1.c4 g6 2.Nf3 Bg7 3.e4 e5 4.d4 exd4 5.Nxd4 Nf6 6.Bd3 O-O 7.O-O Re8 8.Nc3 Nc6
9.Nxc6 dxc6 10.h3 Nd7 11.Bd2 Nc5 12.Bc2 Nd3 13.b3 f5 14.Qe2 Nb4 15.Bb1 fxe4
16.Bxe4 Bf5 17.Rad1 Nxa2 18.Nxa2 Bxe4 19.Bc3 Qg5 20.f4 Qc5+ 21.Kh2 Bf5 22.Qd2 Qe3
23.g4 Qxd2+ 24.Rxd2 Bxc3 25.Nxc3 Re3 26.Nd1 Rd3 27.Re2 Bd7 28.Nf2 Rf3 29.Re7 Rd8
30.Rd1 Rxf2+ 31.Kg3 Rb2 32.Rdxd7 Rxd7 33.Rxd7 Rxb3+ 34.Kh4 h6  1/2-1/2

[Event "Philadelphia op"]
[Site "Philadelphia"]
[Date "1986.??.??"]
[Round "?"]
[White "Bisguier, Arthur Bernard"]
[Black "Ivanov, Igor V"]
[Result "1/2-1/2"]
[WhiteElo "2430"]
[BlackElo "2485"]

1.d4 Nf6 2.Nf3 e6 3.Bg5 d5 4.e3 c5 5.Nbd2 Nc6 6.c3 Qb6 7.Rb1 cxd4 8.exd4 e5
9.Nxe5 Nxe5 10.Qe2 Ng4 11.dxe5 Bc5 12.Bh4 O-O 13.h3 Nxe5 14.Qxe5 Qg6 15.Qxd5 Bf5
16.Bb5 Rfe8+ 17.Kf1 Bxb1 18.Bxe8 Rxe8 19.Qxc5 Qc2 20.Kg1 Qxd2 21.Kh2  1/2-1/2

[Event "Philadelphia op"]
[Site "Philadelphia"]
[Date "1986.??.??"]
[Round "?"]
[White "Ivanov, Igor V"]
[Black "Hjartarson, Johann"]
[Result "1-0"]
[WhiteElo "2485"]
[BlackElo "2505"]

1.d4 Nf6 2.c4 d6 3.Nf3 g6 4.Nc3 Bg7 5.e4 O-O 6.Be2 Nbd7 7.O-O e5 8.d5 Nc5
9.Qc2 a5 10.Bg5 h6 11.Be3 Nh7 12.Nd2 f5 13.exf5 Bxf5 14.Nde4 b6 15.Bxc5 bxc5
16.Bd3 h5 17.Rae1 Bh6 18.Ng3 Bxd3 19.Qxd3 Kg7 20.Nge4 Qd7 21.Qc2 Rf7 22.Rd1 g5
23.Qe2 g4 24.f3 gxf3 25.Rxf3 Rxf3 26.Qxf3 h4 27.Rf1 Rf8 28.Qe2 Bf4 29.g3 hxg3
30.hxg3 Bh6 31.Kg2 Rxf1 32.Qxf1 Qg4 33.Qf3 Qg6 34.Nb5 Ng5 35.Nxg5 Bxg5 36.Nxc7 Qc2+
37.Kh3 Qxc4 38.Ne8+  1-0

[Event "Quebec"]
[Site "Quebec"]
[Date "1986.??.??"]
[Round "1"]
[White "Barbeau, Sylvain"]
[Black "Ivanov, Igor V"]
[Result "0-1"]
[WhiteElo "2290"]
[BlackElo "2485"]

1.d4 Nf6 2.Nf3 b6 3.Bf4 Bb7 4.e3 e6 5.Nbd2 Nc6 6.c3 Bd6 7.Bxd6 cxd6 8.Bd3 d5
9.O-O Ne7 10.a4 O-O 11.a5 Ne4 12.axb6 axb6 13.Qc2 f5 14.Rxa8 Qxa8 15.Ne5 d6
16.Nd7 Nxd2 17.Qxd2 Rd8 18.Nxb6 Qa5 19.Nxd5 Bxd5 20.f3 Bb3 21.e4 h6 22.exf5 Nxf5
23.Qe2 Rf8 24.g4 Nh4 25.c4 e5 26.f4 Qb6 27.c5 dxc5 28.Qxe5 Qc6 29.Be4 Qd7
30.dxc5 Re8 31.Qh5 Qd4+ 32.Rf2 Rxe4 33.Qxh4 Re1+ 34.Kg2 Bd5+ 35.Kh3 Re3+  0-1

[Event "Quebec"]
[Site "Quebec"]
[Date "1986.??.??"]
[Round "2"]
[White "Ivanov, Igor V"]
[Black "Williams, Leo"]
[Result "1-0"]
[WhiteElo "2485"]
[BlackElo "2285"]

1.c4 Nf6 2.Nc3 d5 3.d4 g6 4.Nf3 Bg7 5.Bg5 Ne4 6.cxd5 Nxg5 7.Nxg5 e6 8.Nf3 exd5
9.b4 O-O 10.e3 Qd6 11.Qb3 Nc6 12.b5 Ne7 13.Be2 c6 14.O-O Bd7 15.bxc6 bxc6
16.Na4 Rfb8 17.Qc3 Qb4 18.Qxb4 Rxb4 19.Nc5 Bf5 20.Rfc1 f6 21.h3 Bf8 22.Bd1 Kg7
23.Nd2 Bc8 24.Rc3 Nf5 25.Nd3 Rb6 26.Ba4 Bd7 27.Nb3 Be8 28.Rac1 Rc8 29.Ndc5 Bd6
30.Na5 Bxc5 31.Rxc5 Ne7 32.Nb3 Ra6 33.Ra5 Rxa5 34.Nxa5 Kf8 35.Rb1 Rc7 36.Rb8 Kf7
37.Nb7 Bd7 38.Nc5 Bc8 39.Bc2 h5 40.f3 g5 41.e4 Ng6 42.exd5 cxd5 43.Bxg6+ Kxg6
44.a4 h4 45.a5 Kf7 46.Kf2 Ke7 47.Ke3 Kd6 48.Kd2 Ke7 49.Ra8 Kd6 50.Kc3 Bd7
51.Kb4 Bc6 52.Rh8 Rf7 53.f4 Ke7 54.f5 Rf8 55.Rxf8 Kxf8 56.Ne6+ Ke7 57.Kc5 Bb7
58.Nc7  1-0

[Event "Quebec"]
[Site "Quebec"]
[Date "1986.??.??"]
[Round "5"]
[White "Spraggett, Kevin"]
[Black "Ivanov, Igor V"]
[Result "1/2-1/2"]
[WhiteElo "2535"]
[BlackElo "2485"]

1.e4 e6 2.d4 d5 3.e5 c5 4.Nf3 cxd4 5.Bd3 Nc6 6.O-O Nge7 7.Bf4 Ng6 8.Bg3 Bc5
9.Nbd2 Bd7 10.Nb3 Bb6 11.Re1 Rc8 12.h4 f6 13.exf6 Qxf6 14.h5 Nge7  1/2-1/2

[Event "Quebec"]
[Site "Quebec"]
[Date "1986.??.??"]
[Round "6"]
[White "Ivanov, Igor V"]
[Black "Kleinplatz, Sam"]
[Result "1/2-1/2"]
[WhiteElo "2485"]
[BlackElo "2250"]

1.d4 Nf6 2.c4 c5 3.d5 b5 4.cxb5 a6 5.bxa6 Bxa6 6.Nc3 g6 7.g3 Bg7 8.Nf3 d6
9.Bh3 Nbd7 10.O-O O-O 11.Re1 Qc7 12.Bf4 Rfb8 13.Qd2 Qb7 14.Rab1 Bc4 15.e4 Bxa2
16.Ra1 Bb3 17.Rxa8 Rxa8 18.Bh6 Bh8 19.e5 dxe5 20.Bg2 Qb8 21.Ng5 Ra6 22.Qe2 Rd6
23.Nge4 Nxe4 24.Qxe4 f5 25.Qe2 e4 26.f3 Bd4+ 27.Kh1 Bxc3 28.bxc3 Bxd5 29.fxe4 fxe4
30.c4 Bc6 31.Bxe4 Qb7 32.Bxc6 Qxc6+ 33.Kg1 e5 34.Rf1 Rf6 35.Rd1 Rd6 36.Rb1 Rf6
37.Rd1 Rd6 38.Ra1 Qb7 39.Rf1 Rf6 40.Rd1 Qc6 41.Qd3 Rf7 42.Ra1  1/2-1/2

[Event "Quebec"]
[Site "Quebec"]
[Date "1986.??.??"]
[Round "7"]
[White "Levtchouk, George"]
[Black "Ivanov, Igor V"]
[Result "0-1"]
[WhiteElo "2280"]
[BlackElo "2485"]

1.d4 Nf6 2.c4 e6 3.Nf3 Bb4+ 4.Nbd2 c5 5.e3 d6 6.Be2 Nc6 7.O-O e5 8.d5 Ne7
9.a3 Bxd2 10.Nxd2 Nf5 11.Qc2 O-O 12.b4 b6 13.Bb2 Re8 14.Bd3 Nh4 15.f3 Qe7
16.Rae1 Bd7 17.Kh1 Ng6 18.Re2 Rac8 19.b5 a6 20.a4 axb5 21.axb5 Ra8 22.g4 Ra2
23.Qb3 Rea8 24.Bb1 R2a4 25.Qc2 Nxd5 26.cxd5 Bxb5 27.Ne4 Rxe4 28.fxe4 Qh4
29.Rg1 Bxe2 30.Qxe2 b5 31.Bc3 b4 32.Be1 Qg5 33.Bf2 h6 34.Bd3 Ra3 35.Rc1 Rxd3
36.Qxd3 Qxg4 37.Rg1 Qf3+ 38.Rg2 Nf4  0-1

[Event "Quebec"]
[Site "Quebec"]
[Date "1986.??.??"]
[Round "8"]
[White "Ivanov, Igor V"]
[Black "Hebert, Jean"]
[Result "1-0"]
[WhiteElo "2485"]
[BlackElo "2400"]

1.e4 c5 2.Nf3 e6 3.d4 cxd4 4.Nxd4 Nc6 5.Nc3 a6 6.g3 Nf6 7.Bg2 Qc7 8.O-O Be7
9.Re1 Nxd4 10.Qxd4 Bc5 11.Qd1 d6 12.Bf4 e5 13.Bg5 Be6 14.Bxf6 gxf6 15.Nd5 Bxd5
16.Qxd5 Qb6 17.Rf1 Qxb2 18.Rab1 Qxc2 19.Rxb7 O-O 20.Bf3 Rab8 21.Bd1 Qc3 22.Rxb8 Rxb8
23.Bb3 Rf8 24.Qd1 Kh8 25.Qe2 a5 26.Kg2 Bd4 27.Qh5 Qd2 28.h4 Kg7 29.Qg4+ Kh8
30.Qh5 Kg7 31.Qg4+ Kh8 32.Qf3 Kg7 33.Bd5 Qc2 34.h5 Qd2 35.Rh1 Qh6 36.Qg4+ Qg5
37.h6+ Kh8 38.Qf3 Qg6 39.Rh5 Rc8 40.Rf5 Rc3 41.Qh5 Qxh5 42.Rxh5 Bb6 43.Bxf7 Bd8
44.Be6 Rc1 45.Rh4 f5 46.Rh5 fxe4 47.Rf5  1-0

[Event "Quebec"]
[Site "Quebec"]
[Date "1986.??.??"]
[Round "11"]
[White "Ivanov, Igor V"]
[Black "Bolduc, Steve"]
[Result "0-1"]
[WhiteElo "2485"]
[BlackElo "2230"]

1.c4 e6 2.d4 d5 3.Nc3 Be7 4.Nf3 Nf6 5.Bg5 O-O 6.e3 h6 7.Bh4 b6 8.Bd3 Bb7
9.O-O Nbd7 10.Qe2 c5 11.Rfd1 dxc4 12.Bxc4 Ne4 13.Nxe4 Bxe4 14.Bg3 Qc8 15.Rac1 a5
16.dxc5 Nxc5 17.Nd4 Rd8 18.Be5 Bd5 19.Nf5 exf5 20.Bxd5 Ra7 21.Qc4 Bf8 22.h3 Rad7
23.Rd4 b5 24.Qxb5 Rxd5 25.Qxa5 Qe6 26.Rxc5 Bxc5 27.Qxd8+ Rxd8 28.Rxd8+ Kh7
29.Bd4 Bxd4 30.Rxd4 Qxa2 31.b4 g5 32.g3 Kg7 33.Kg2 Qe2 34.Kg1 Kf8 35.Kg2 Ke7
36.Kg1 Qf3 37.h4 f6 38.Kf1 f4 39.exf4 gxh4 40.gxh4 Qh3+ 41.Kg1 Qxh4 42.b5 Qg4+
43.Kf1 Qh3+ 44.Kg1 Qb3  0-1

[Event "Lloyds Bank op"]
[Site "London"]
[Date "1987.??.??"]
[Round "1"]
[White "Ivanov, Igor V"]
[Black "Delaney, John"]
[Result "1-0"]
[WhiteElo "2500"]
[BlackElo "2290"]

1.c4 e5 2.g3 Nf6 3.Bg2 g6 4.Nf3 d6 5.d4 Nbd7 6.Nc3 Bg7 7.O-O O-O 8.e4 Re8
9.d5 Nc5 10.Qc2 a5 11.Bg5 h6 12.Be3 Rf8 13.Nxe5 Ncxe4 14.Nxg6 fxg6 15.Nxe4 Bf5
16.Rae1 Qd7 17.Nxf6+ Bxf6 18.Qd2 h5 19.Bd4 Qg7 20.Bxf6 Qxf6 21.Re3 Rae8 22.Rfe1 Rxe3
23.Rxe3 a4 24.h4 Rf7 25.Be4 a3 26.Bxf5 Qxf5 27.bxa3 Kh7 28.a4 b6 29.Qe2 Qd7
30.Kg2 c6 31.Re6 cxd5 32.cxd5 Qxa4 33.Rxd6 Qd4 34.Qc2 Rf5 35.Rd7+ Kg8 36.Qe2 Re5
37.Qf3 Rf5 38.Qe3  1-0

[Event "Lloyds Bank op"]
[Site "London"]
[Date "1987.??.??"]
[Round "2"]
[White "Arkell, Keith C"]
[Black "Ivanov, Igor V"]
[Result "1/2-1/2"]
[WhiteElo "2400"]
[BlackElo "2500"]

1.d4 Nf6 2.Nf3 g6 3.g3 Bg7 4.c4 O-O 5.Bg2 c6 6.O-O d6 7.Nc3 Bf5 8.Bf4 Ne4
9.Nxe4 Bxe4 10.Qd2 d5 11.cxd5 Qxd5 12.Rfd1 Na6 13.Bh6 Rad8 14.Bxg7 Kxg7 15.Qc3 f6
16.Rd2 Rd6 17.Ne1 Bxg2 18.Nxg2 Rfd8 19.Nf4 Qf5 20.Rad1 Nc7 21.Qb3 b6 22.Qa4 a5
23.e3 e5 24.Ne2 Ne6 25.h4 Nc5 26.Qa3 Ne4 27.Nc3 Nxd2 28.Rxd2 exd4 29.Rxd4 Rxd4
30.Qe7+ Kg8 31.exd4 Qd7 32.Qxf6 Re8 33.Qf4 Qe6 34.Kg2 b5 35.f3 Rf8 36.Qc7 Qf6
37.f4 Qe6 38.Qxa5 Re8 39.Qb6 Qd6 40.a3 Re1 41.d5 Rc1 42.Qxc6 Qe7 43.Qxb5 Qe3
44.Qb8+ Kf7 45.Qc7+ Kg8  1/2-1/2